Responses for Show #2867 - Tuesday, February 4, 1997

1997-A Teen Tournament quarterfinal game 2.

Contestants

[<< previous game]

Brandon Frantz, a junior from Woodhaven, Michigan

Pooja Dhume, a junior from New Orleans, Louisiana

Chad Bell, a senior from Sarasota, Florida

[next game >>]

Jeopardy! Round responses

ICELAND
FRUITS & VEGETABLES
CLASSIC SITCOMS
ENGLISH USAGE
TIME'S MAN OF THE YEAR
ENDS IN "ICK"
    $100 26
Volcano

Pooja
    $100 11
Cauliflower

Pooja
    $100 1
All in the Family

Pooja
    $100 3
Verb

Brandon
    $100 21
Martin Luther King, Jr.

Pooja
    $100 16
Yardstick

Pooja
    $200 27
Trains/Railroads

Pooja
    $200 12
Grapes

Chad
    $200 2
Tony Danza

Pooja
    $200 7
Possessive

Pooja
    $200 22
Mikhail Gorbachev

Chad
    $200 17
(C: What is a...(time)?)

Joystick

ChadBrandon
    $300 28
Yogurt

Pooja
    $300 13
Squash

Pooja
    $300 4
Diff'rent Strokes

Chad
    $200 8
begin a new paragraph

Pooja
    $300 23
Ayatollah Khomeini

Brandon
    $300 18
Dipstick

Brandon
    $400 29
(B: What is a reindeer?)

Fox

Brandon
Triple Stumper
    $400 14
(B: What is a carrot?)
(C: What is a squash?)
(P: What is a beet?)

Turnip

ChadPoojaBrandon
Triple Stumper
    $400 5
"The Brady Bunch"

Pooja
    $400 9
Metaphor

Pooja
    $400 24
Charles Lindbergh

Chad
    $400 19
Gimmick

Pooja
    $500 30
Reykjavik

Pooja
    $500 15
(C: What is a guava?)
(B: What is a pineapple?)

Papaya

ChadBrandon
Triple Stumper
    $500 6
"The Munsters"

Brandon
    $500 10
sic

Pooja
    $500 25
(Pooja: Who is Mao Tse-tung?)

Teng Hsiao-P'ing/Deng Xiaoping

Pooja
Triple Stumper
    $500 20
Nitpick

Chad

Scores at the first commercial break (after clue 14):

Chad Pooja Brandon
$100 $2,000 $200

Scores at the end of the Jeopardy! Round:

Chad Pooja Brandon
$500 $3,200 $100

Double Jeopardy! Round responses

ANCIENT HISTORY
SONG LYRICS
MOUNTAINS
CHEMISTRY
FAMOUS AMERICANS
FICTIONAL CHARACTERS
    $200 6
Tutankhamen

Pooja
    $200 1
Brotherhood

Pooja
    $200 26
Mount Everest

Chad
    $200 11
Helium

Pooja
    $200 16
Charles Schulz

Brandon
    $200 17
Louisa May Alcott

Pooja
    $400 7
Toga

Brandon
    $400 2
"Cats"

Brandon
    $400 27
(P: What is the Yukon Territory?)

British Columbia

PoojaBrandon
    $400 12
Carbon Dioxide

Pooja
    $400 22
Brigham Young

Pooja
    $400 18
Piggy

Brandon
    $600 8
(C: What is a bicycle?)

Chariot

ChadBrandon
    $600 3
A Rolling Stone

Pooja
    $600 28
Vesuvius

Chad
    $600 13
Heat

Pooja
    $600 23
Sally Ride

Chad
    $2,000 19
Lion

Brandon
    $1,500 9
Crete

Brandon
    $800 4
Hound Dog

Brandon
    $800 29
(B: What are the Andes?)
(C: What are the Rockies?)

Sierra Nevadas

ChadBrandon
Triple Stumper
    $800 14
Protons

Chad
    $800 24
Richard Byrd

Brandon
    $800 20
"The Grapes of Wrath"

Brandon
    $1000 10
Hannibal

Pooja
    $1000 5
"This Land Is Your Land"

Pooja
    $1000 30
White Mountains

Triple Stumper
    $1000 15
Organic Chemistry

Triple Stumper
    $1000 25
Norman Schwarzkopf

Brandon
    $1000 21
Swiss Family Robinson

Brandon

Scores at the end of the Double Jeopardy! Round:

Chad Pooja Brandon
$1,300 $7,600 $9,600

Final Jeopardy! Round responses

COLLEGES & UNIVERSITIES
ChadWhat is Colgate?
$1,300
PoojaWhat is Colgate University?
$1,000
BrandonWhat is Colgate?
$2,000
Colgate University

Final scores:

Chad Pooja Brandon
$2,600 $8,600 $11,600
3rd place: $1,000 if eliminated 2nd place: $1,000 if eliminated Automatic semifinalist

Game dynamics:

Coryat scores:

Chad Pooja Brandon
$1,300 $7,700 $7,500
9 R,
5 W
26 R
(including 1 DD),
3 W
18 R
(including 2 DDs),
4 W

Combined Coryat: $16,500

[game clues] [game scores] [suggest correction]

Game tape date: 1997-01-08
The J! Archive is created by fans, for fans. Scraping, republication, monetization, and malicious use prohibited; this site may use cookies and collect identifying information. See terms. The Jeopardy! game show and all elements thereof, including but not limited to copyright and trademark thereto, are the property of Jeopardy Productions, Inc. and are protected under law. This website is not affiliated with, sponsored by, or operated by Jeopardy Productions, Inc. Join the discussion at JBoard.tv.